000 00729nam a2200193 4500
008 s2011 le fre u
040 _aLB-BrCRDP
082 1 _a570.712
_bSc.S3LHSE.CRDP
100 1 _aYAGHI, Moustapha
245 1 0 _aSciences de la vie enseignement secondaire troisième année Séries lettres et Humanités Sociologie et Economie
_cMoustapha YAGHI, Ramez CHAHINE, Pierre ZALLOUHA
260 _aBeyrouth
_bCentre de Recherche et de Développement Pédagogiques
_c2011
300 _a150 p.
_c19*27 cm.
500 _aLe numéro 6236 est de 2007
650 4 _aSciences de la vie
700 1 _aCHAHINE, Ramez
700 1 _aZALLOUHA, Pierre
942 _cBK
999 _c6570
_d6570